| 000 | 00442nam a22001337a 4500 | ||
|---|---|---|---|
| 008 | 160725b xxu||||| |||| 00| 0 eng d | ||
| 022 | _a9970-511-25-6 | ||
| 100 | _aOloka-Onyango, J. | ||
| 245 |
_aEqual opportunity, age-based discrimination and the rights of elderly persons in Uganda / _cJ. Oloka-Onyango |
||
| 260 |
_aKampala, Uganda _bMakerere University _cc,2008 |
||
| 300 |
_av. _c25cm |
||
| 440 |
_vno.21 _x9970-511-25-6 |
||
| 942 |
_2ddc _cPER |
||
| 999 |
_c8483 _d8483 |
||